| 000 | 00561cam a22001571 4500 | ||
|---|---|---|---|
| 082 |
_a624.176 _bKET _cL-20,P-45 |
||
| 100 | 1 |
_aKetchum, Milo Smith, _942830 |
|
| 245 | 0 | 4 |
_aStresses in framed structures the design of steel mill buildings _cby Milo S. Ketchum ... |
| 250 | _aPart 1 | ||
| 260 |
_aNew York and London, _bMcGraw Hill book company, inc. _c[1932] |
||
| 300 |
_axi, 217 p. _billus., diagrs. (part fold.) _c23 cm. |
||
| 526 |
_a0 _b0 _c0 _d624_176000000000000_KET |
||
| 650 | 0 | _aBuilding, Iron and steel. | |
| 650 | 0 |
_aFactories. _942831 |
|
| 942 |
_2ddc _cBK |
||
| 999 |
_c546648 _d546648 |
||